| 000 | 00428nam a22001577a 4500 | ||
|---|---|---|---|
| 008 | 230606b |||||||| |||| 00| 0 eng d | ||
| 020 | _a0852267878 | ||
| 040 |
_aNational Science Library _cNational Science Library |
||
| 080 |
_a62-253 _bM3 |
||
| 100 |
_aRao, J S _911033 |
||
| 245 | _aRotor dynamics | ||
| 260 |
_aNew Delhi: _bWiley Eastern Limited, _c1983 |
||
| 300 | _aviii, 244p. | ||
| 650 | _aScience | ||
| 942 |
_2udc _cBK |
||
| 999 |
_c40106 _d40106 |
||